| 000 | 00739nam a22001817a 4500 | ||
|---|---|---|---|
| 005 | 20151223093349.0 | ||
| 010 | _a1516ENO7 B-608633-656 | ||
| 020 |
_a9789351433088 _c450.00 |
||
| 037 |
_adpl _bAsian Book Centre/Ven |
||
| 082 | _a910 | ||
| 245 |
_aJigesha''s Indian & World Geography For Civil Services: _bfor civil services (preliminary) examination/ |
||
| 250 | _a2016 | ||
| 260 |
_aHaryana _bLexis Nexis |
||
| 270 |
_a14th floor Building no 10,Tower-B,DLF Cyber City,Phase -2 Gurgaon _bHaryana _e122002 _k911244774444 _l- _m- |
||
| 300 |
_av.p. _bill. _c25cm(pbk) |
||
| 942 |
_2ddc _cEN _h910 _mJIG |
||
| 999 |
_c95638 _d95638 |
||